000 00675nam a2200241Ia 4500
003 OSt
005 20220925195249.0
006 a|||||r|||| 00| 0
007 ta
008 220923b |||||||| |||| 00| 0 eng d
020 _a1843764660
037 _cGeneral Book
040 _aRTL
_cRTL
_beng
041 _2eng
_aeng
082 _aU5, P5
100 _aDauvergne Peter Ed.
_9253609
245 0 _aHandbook of global environmental politics
260 _aCheltenham
_bEdward Elgar
_c2005
300 _axiv,538p. Bib chapterwise
_ccm.
650 _aPolitical Geography
942 _hU5, P5
_cGB
_2CC
999 _c532393
_d532393